[Event "Vladimir op"]
[Site "Vladimir"]
[Date "2002.08.20"]
[Round "5"]
[White "Amonatov, Farrukh"]
[Black "Atalik, Suat"]
[Result "1/2-1/2"]
[WhiteElo "2453"]
[BlackElo "2551"]
[Annotator "Atalik,S"]
[PlyCount "53"]
[EventDate "2001.08.16"]
[EventType "swiss"]
[EventRounds "9"]
[EventCountry "RUS"]
[SourceTitle "CBM 091"]
[Source "ChessBase"]
[SourceDate "2002.11.12"]
[SourceVersion "1"]
[SourceVersionDate "2002.11.12"]
[SourceQuality "1"]

1. e4 e5 2. Nf3 Nf6 3. Nxe5 d6 4. Nf3 Nxe4 5. d4 d5 6. Bd3 Bd6 7. O-O O-O 8. c4
c6 9. Qc2 Na6 10. a3 Bf5 $5 $146 {An idea of GM Morozevich.} 11. Nc3 Re8 12.
Be3 {This looks like a human choice.} Bg6 {looked like the best to me} ({
because the following lines bring about some disorganisation in black's game.} 
12... Qf6 $2 13. cxd5 cxd5 14. Nxd5) (12... Nc7 13. Rfe1 Qf6 14. c5 Bf8 15. Bf4
$16) 13. c5 Bc7 $1 {Sparing b8 for the knight.} (13... Bb8 14. Rae1) 14. Rfe1 (
14. Ne2 Nb8 15. Bf4 Bh5 (15... Nd7 16. Bxc7 Qxc7 17. Nh4 Nef6 18. Nxg6 hxg6 19.
b4 $14 {Ye Jiangchuan-Kasimdzhanov,Hyderabad 2002.}) 16. Bxc7 Qxc7 17. Ne5 Bxe2
18. Bxe2 Nd7 19. Nxd7 Qxd7 $11) 14... Nb8 ({Tactics are suicidal yet.} 14...
Ba5 $2 15. b4 Bxb4 16. axb4 Nxb4 17. Qb1 Nxd3 18. Qxd3 Nxc5 19. Qd1 $16) (14...
Qf6 15. b4 Nxc3 16. Qxc3 Be4 17. Nd2 Bxd3 18. Qxd3 Bf4 $11) 15. Ne2 Nd7 16. Bf4
(16. Nf4 Bf5) 16... Qb8 (16... Bh5 17. Bxc7 (17. Ne5 $2 Ndxc5 $1 18. dxc5 Bxe5
19. Bxe5 Rxe5 20. Ng3 Qg5 21. Bxe4 dxe4 22. Nxe4 Rae8 $17) 17... Qxc7 18. Nd2 (
18. Ng3 $2 Bxf3 19. gxf3 Ng5) 18... Nxd2 19. Qxd2 Bxe2 20. Rxe2 Rxe2 (20... Nf8
21. Rae1 Rxe2 22. Qxe2) 21. Qxe2 Nf8 22. Re1 $13 {White is no worse here.}) 17.
Bxc7 Qxc7 18. Nh4 Ndf6 19. f3 Ng5 20. Nf5 Bxf5 21. Bxf5 g6 $6 {This has given
an easy game for my opponent.} (21... Re7 $142 22. Qd2 Rae8 23. Ng3 h6) ({
I was calculating} 21... Re3 $6 22. Qd2 Rae8 23. f4 $1 Nf3+ 24. gxf3 Qe7 25.
Bd3 Nh5 26. Be4 $1 $18 {during the game.}) 22. Qd2 $1 {The Tadjik player is
tactically very alert.} (22. Bd3 Nh5 23. Qd2 Qd8 $1 $15) 22... Ne6 (22... h6
23. h4 Ngh7 24. Bd3 Kg7 25. Qf4 $14) 23. Bxe6 Rxe6 24. Nf4 Rxe1+ 25. Rxe1 Re8
$11 {The game steered towards a draw.} 26. Re3 Kf8 ({There is no need for
fishing in murky waters.} 26... Ne4 $6 27. Nxd5 (27. Nh5 gxh5 28. fxe4 Rxe4)
27... cxd5 28. fxe4 dxe4 29. b4 f5 30. d5 Qe5 31. d6 f4 32. Re1 e3 33. Qd3 a6 (
33... g5 34. Qb5) 34. Rd1 $16) 27. Nd3 {Here we settled for a draw.} (27. Nd3
Re7 (27... Rxe3 $5 28. Qxe3 Qe7 29. Kf2 $14) (27... Nd7 28. Rxe8+ Kxe8 29. Qh6
Qa5 30. Nb4 Qa4 31. Qd2 Nf8 32. Qf4 Qd1+ 33. Kf2 Ne6 34. Qb8+ Ke7 35. Qd6+ (35.
Qxb7+ $2 Kf6 36. Nxc6 Qd2+ 37. Kf1 Nf4 38. Qe7+ Kg7 39. Qe5+ Kh6 $17) 35... Kf6
36. Qe5+ $11) 28. Re5 Rxe5 29. Nxe5 Nd7 $11) 1/2-1/2

[Event "Paracin GM"]
[Site "Paracin"]
[Date "2018.07.18"]
[Round "7"]
[White "Savic, Miodrag R"]
[Black "Atalik, Suat"]
[Result "1/2-1/2"]
[WhiteElo "2541"]
[BlackElo "2509"]
[Annotator "Atalik,S"]
[PlyCount "23"]
[EventDate "2018.07.14"]
[EventType "tourn"]
[EventRounds "9"]
[EventCountry "SRB"]
[EventCategory "8"]
[SourceTitle "CBM 186"]
[Source "ChessBase"]
[SourceDate "2018.09.14"]
[SourceVersion "1"]
[SourceVersionDate "2018.09.14"]
[SourceQuality "1"]

1. e4 e5 2. Nf3 Nf6 3. Nxe5 d6 4. Nf3 Nxe4 5. Qe2 Qe7 6. d3 Nf6 7. Nc3 $5 (7.
Bg5 Nbd7 8. Nc3 h6 9. Bh4 g5 10. Bg3 Nb6) 7... Qxe2+ 8. Bxe2 g6 {From
Selezniev to Caruana.} 9. Nb5 $146 Na6 (9... Nd5 $5) 10. c3 c6 11. Na3 d5 12.
Nc2 1/2-1/2

[Event "Beijing zt 3.3"]
[Site "Beijing"]
[Date "2005.10.25"]
[Round "9"]
[White "Wang, Hao"]
[Black "Ye, Rongguang"]
[Result "1-0"]
[WhiteElo "2519"]
[BlackElo "2472"]
[Annotator "Atlas,V"]
[PlyCount "93"]
[EventDate "2005.10.20"]
[EventType "tourn"]
[EventRounds "9"]
[EventCountry "CHN"]
[EventCategory "10"]
[SourceTitle "CBM 110"]
[Source "ChessBase"]
[SourceDate "2006.01.31"]
[SourceVersion "1"]
[SourceVersionDate "2006.01.31"]
[SourceQuality "1"]

1. e4 e5 2. Nf3 Nf6 3. Nxe5 d6 4. Nf3 Nxe4 5. Nc3 Nxc3 6. dxc3 Be7 7. Be3 Nd7
8. Qd2 Ne5 9. O-O-O O-O 10. Kb1 Bf6 11. Nd4 Nc6 12. Be2 Nxd4 13. cxd4 d5 14. h4
Be7 15. h5 Kh8 16. g4 f6 17. Rdg1 Be6 18. Bd3 b6 19. Bf5 Bg8 20. Rg2 c5 21.
Rhg1 a5 22. c3 Ra7 23. Bc2 c4 24. Ba4 b5 25. Bxb5 a4 26. g5 fxg5 27. Bxg5 Bxg5
28. Rxg5 Qb6 29. Bxa4 Rxa4 30. Rxg7 Qf6 31. a3 Raa8 32. Ka2 Rae8 33. R1g6 Qf5
34. Rg5 Qd3 35. Qc1 Rb8 36. Qe1 ({White could force a draw by playing} 36.
Rxg8+ Rxg8 37. Qf4 $1 Rxg5 38. Qxg5 Rf8 (38... Qe4 {is not better in view of}
39. h6 {, and Black has to return the rook to escape:} Rxb2+ 40. Kxb2 Qe2+ {
, with a draw by perpetual.}) 39. Qe5+ Kg8 40. Qg5+ Kf7 41. Qxd5+) 36... Qe4
37. Qd2 Bf7 38. Rg1 $2 Rg8 $2 ({This natural move turns out to be the decsive
mistake. Correct was} 38... Bxh5 {, and White's attack has run out of steam.})
39. Qh6 $1 {After this move White's attack becomes irresistible.} Qf5 {[%tqu
"En","Black is a piece up, but his vulnerable king is too great a burden to
bear. How should White conclude his attack?","Try to expose the enemy king
even more and bring your queen on the ideal attacking position.","Sacrifice
your rook!","g7h7","This remarkable sacrifice destroys Black's defense and
yields White a decisive adavatage.",6]} 40. Rxh7+ $1 {[%csl Rf6,Gh5,Gh6,Rh8]
After this spectacular blow Black is doomed.} Qxh7 41. Qf6+ Rg7 42. h6 Rbg8 (
42... Bg6 {falls short of} 43. hxg7+ Qxg7 44. Rxg6) 43. hxg7+ (43. Rh1 $1 {
was another winning continuation.}) 43... Rxg7 44. a4 $1 Bg6 45. Rg4 Bh5 46.
Rg5 Bg6 47. f4 {Black is helpless against the march of White's a-pawn.} 1-0

[Event "AUT-ch"]
[Site "Moesern"]
[Date "1997.08.05"]
[Round "4"]
[White "Schlosser, Michael"]
[Black "Schroll, Gerhard"]
[Result "1-0"]
[WhiteElo "2350"]
[BlackElo "2405"]
[Annotator "Balinov,I"]
[PlyCount "65"]
[EventDate "1997.08.??"]
[EventType "tourn"]
[EventRounds "15"]
[EventCountry "AUT"]
[EventCategory "6"]
[SourceTitle "CBM 059 Extra"]
[Source "ChessBase"]
[SourceDate "1997.09.26"]
[SourceVersion "1"]
[SourceVersionDate "1997.09.26"]
[SourceQuality "1"]

1. e4 e5 2. Nf3 Nf6 3. Nxe5 d6 4. Nf3 Nxe4 5. d4 d5 6. Bd3 Be7 7. O-O Nc6 8. c4
Nf6 (8... Nb4 9. Be2 O-O 10. Nc3) 9. Nc3 Be6 10. cxd5 Nxd5 11. Re1 O-O 12. a3
h6 (12... Bf6 13. Be4 (13. Ne4 Bf5 $1 (13... Bxd4 14. Neg5 $40)) 13... Nce7 14.
Ng5 Bxg5 15. Bxg5 f6 16. Bh4 Qd7 17. Qc2 f5 18. Bf3 c6 19. Nxd5 Nxd5 20. Re5
$14) (12... Re8 $5) 13. Bc2 Re8 14. Qd3 Kf8 (14... Nf6 15. Ne4 Nd5 16. Ng3 Nf6
17. Nh5 $40) 15. Nxd5 (15. Qh7 Bf6 16. Nxd5 Qxd5 17. Be4 Qa5 18. d5 $18 (18.
Bd2 $5)) 15... Qxd5 16. Qh7 f5 {[#] [#]} (16... f6 17. Bxh6 gxh6 18. Qxh6+ Kf7
19. Bg6+ Kg8 20. Qh7+ Kf8 21. Qh8+ Bg8 22. Qh6#) 17. Bxh6 gxh6 18. Qxh6+ Kf7
19. Qh7+ Kf8 20. Qh6+ Kf7 21. Ne5+ Nxe5 22. Qh7+ Kf8 (22... Kf6 23. dxe5+ $18)
23. Qh6+ Kf7 24. Qh7+ Kf8 25. Rxe5 Qd6 26. Qh6+ Kf7 27. Qh7+ Kf8 28. Qh6+ Kf7
29. Bxf5 Bxf5 30. Rxf5+ Bf6 (30... Kg8 31. Qh5 Bf6 32. Qg6+ Bg7 33. Qf7+ Kh8
34. Rh5+ Bh6 $11) 31. Qh7+ Kf8 32. Qg6 Ke7 33. Re1+ (33. Re1+ Kd7 34. Qf7+ Re7
35. Rxe7+ Qxe7 36. Rxf6 {1-0 Schlosser,M-Schroll,G/AUT-ch 1997}) 1-0

[Event "Schlechter Memorial"]
[Site "Vienna"]
[Date "1996.??.??"]
[Round "3"]
[White "Lau, Ralf"]
[Black "Penz, Harald"]
[Result "1/2-1/2"]
[WhiteElo "2510"]
[BlackElo "2340"]
[Annotator "Balinov,I"]
[PlyCount "59"]
[EventDate "1996.10.10"]
[EventType "swiss"]
[EventRounds "9"]
[EventCountry "AUT"]
[SourceTitle "CBM 055 Extra"]
[Source "ChessBase"]
[SourceDate "1997.01.01"]
[SourceVersion "1"]
[SourceVersionDate "1997.01.01"]
[SourceQuality "1"]

1. e4 e5 2. Nf3 Nf6 3. Nxe5 d6 4. Nf3 Nxe4 5. d4 d5 6. Bd3 Be7 7. O-O Nc6 8. c4
Nb4 9. Be2 O-O 10. Nc3 Nxc3 $6 (10... Be6 11. a3 Nxc3 12. bxc3 Nc6 13. cxd5
Bxd5 $10) 11. bxc3 Nc6 12. cxd5 Qxd5 13. c4 (13. Bf4 $1 Bd6 14. c4 Qf5 15. Bd2
$1 $14) 13... Qd6 $8 14. Be3 Rd8 15. Rb1 b6 16. Qd2 Qg6 17. Bd3 Bf5 18. Bxf5
Qxf5 19. Rb5 Qe4 20. Re1 Bf6 21. Bf4 Qg6 22. Rd5 $2 (22. d5 $1 Rac8 23. Qe2 Ne7
(23... Na5 24. Bxc7 Rxc7 25. Qe8+) 24. Ne5 Qf5 25. Bg3 $16) 22... Rxd5 23. cxd5
Ne7 24. d6 (24. Ne5 Qh5 25. g4 Qh4 $10) 24... cxd6 25. Bxd6 Nd5 26. Qe2 h6 27.
Qb5 Qf5 28. Be5 Nf4 $1 29. g3 Rc8 30. a4 1/2-1/2

[Event "EU-chT (Men) 19th"]
[Site "Warsaw"]
[Date "2013.11.09"]
[Round "2.4"]
[White "Bartel, Mateusz"]
[Black "Fridman, Daniel"]
[Result "1-0"]
[WhiteElo "2626"]
[BlackElo "2600"]
[Annotator "Bartel,M"]
[PlyCount "97"]
[EventDate "2013.11.08"]
[EventType "team-swiss"]
[EventRounds "9"]
[EventCountry "POL"]
[SourceTitle "CBM 158"]
[Source "ChessBase"]
[SourceDate "2014.01.16"]
[SourceVersion "1"]
[SourceVersionDate "2014.01.16"]
[SourceQuality "1"]
[WhiteTeam "Poland"]
[BlackTeam "Germany"]
[WhiteTeamCountry "POL"]
[BlackTeamCountry "GER"]

1. e4 e5 2. Nf3 Nf6 {The main weapon of Daniel versus 1.e4. Nowadays he is one
of the greatest specialists in this opening.} 3. Nxe5 d6 4. Nf3 Nxe4 5. Nc3 {
For quite some time this move should be regarded as the main one. Of course, 5.
d4 is a way more direct, but since there is no advantage for White anywhere, a
lot of players decide to go for 5.Nc3, where the game is less complex and
White usually get a small edge.} Nxc3 6. dxc3 Be7 7. Bf4 {The beginning of a
"move-order-trap".} ({A slightly more popular move is} 7. Be3 {after which
Daniel played this year} Nc6 8. Qd2 O-O ({it's important to notice, that in
this move order Fridman was avoiding} 8... Be6 9. Ng5 Bxg5 10. Bxg5) 9. O-O-O
Ne5 {and Black was happy to achieve a playable position in some of Fridman's
games.}) 7... Nc6 8. Qd2 Be6 9. Ng5 $5 {This move is not anything special, but
I was extremely happy that this position arose on the board. The reason was
clear - Black has nothing better, but to take on g5.} Bxg5 10. Bxg5 {And here
we are. I mentioned in the previous comment that Black had nothing better than
to take. This is absolutely best and Black is - or at least should be -
absolutely fine. But the problem was not the evaluation of the position, but
my opponent's thoughts - in another move order (7.Be3, Nc6 8.Qd2) in his last
games he was avoiding this position playing 8...0-0 instead of 8...Be6. But
here, he had no choice, but to enter the position he had been avoiding!} Qd7 ({
Another possibility is} 10... f6 11. Be3 Qd7) 11. O-O-O O-O $6 ({Already at
this point my opponent had lost quite a significant amount of his time - if I
am not mistaken at least 20 minutes. Had he been in unknown territory, it
would have been normal, but he had played exactly this position several times.
However, being surprised by my move order, he started to think and finally
decided to castle short - which in my opinion is simply wrong. White has two
bishops and it makes him better prepared for fight on diffrent wings. That's
why a much more common move is} 11... f6 12. Be3 O-O-O {and White is slighlty
better, but the biggest number of games finish in a draw here.}) 12. Kb1 ({
Also possible was} 12. b3 a5 13. a4 {, but I can really see no reason to
weaken the queenside without any visible reason.}) 12... f6 {A responsible
move once Black's king is on g8.} ({Analysing this position it appeared to me
that} 12... Rfb8 {may have some sense. Black wants to play b5-b4, keeping an
option of a5-a4 in hand. It could lead to quite complex game after} 13. h4 b5
14. h5 h6 ({worse is} 14... b4 15. h6 f6 16. Be3 g6 17. Rh4 $1) 15. Bxh6 (15.
Be3 b4 16. c4 a5 {makes no sense for White}) 15... gxh6 16. Qxh6 Ne5 17. Bd3 f5
18. f4 Ng4 19. Qg6+ {and probably White has nothing more than perpetual.}) ({
Also possible was} 12... Ne5 {with the idea of ...Bc4 and after} 13. b3 a5 14.
a4 {Black can also try} Rfb8 {hoping to play b5 one day.}) 13. Be3 Qf7 14. b3 (
{It would be big positional mistake to play} 14. a3 {and allow Black to
exchange light-squared bishops after} Bc4 {. I'd say that without those
bishops, only Black can be better.}) 14... a5 15. a4 Ne5 $6 {I don't like this
move.} ({Of course, there was nothing after} 15... Bxb3 16. cxb3 Qxb3+ 17. Ka1
Qxa4+ 18. Qa2+ Qxa2+ 19. Kxa2 {and White is almost winning. What can I suggest
for Black? It's clear that Black has no visible plan - attack on the queenside
is stopped, White has no weaknesses and is ready to build an attack on the
kingside. As the position is almost closed and we have only one open file, it
was problably the most logical to play Rfe8-Re7-Rae8, to double rooks on the
e-file and be ready for counteraction at an appropriate moment.}) 16. Kb2 f5 $2
{This i a serious positional mistake. As said in the previous comment, I am
not sure how Black should continue, as I don't like Black's position at all.
But it's clear, that you shouldn't weaken your position. What's wrong with the
move? First, it gives up space for the bishop from e3 and at the same time the
pawn on f5 becomes a target!} 17. Bf4 $1 {Good reaction. Black was hoping to
get some space with f4, so White should stop this idea.} ({Much worse was} 17.
f4 $2 {, because after} Ng4 {Black can make use of the e4-square.}) 17... Ng6
18. Bd3 Bd5 $2 {This move makes no sense at all.} ({A better try was} 18...
Nxf4 19. Qxf4 Rae8 20. Rhe1 Qf6 21. h4 {and White is better - because of the
f5-weakness, activity of his pieces and the better king - but the advantage
isn't that big.}) 19. f3 Nxf4 20. Qxf4 Qf6 21. Rhe1 g5 $6 {Some players had
criticised this move - and that's right because it's what White dreams about -
but at the same time Black was already in serious troubles.} ({It wasn't
possible to play ...Rae8, because the pawn on f5 would be hanging (that's why .
..Bd5 was so bad), so the only other option was} 21... g6 22. h4 {and here
Black has a limited choice again as after} Rae8 $2 {he looses material:} 23.
Rxe8 Rxe8 24. Bb5 Bc6 25. Bxc6 bxc6 26. Qc4+ d5 27. Qc5) 22. Qd2 Bf7 23. h4 $6
{Having such a big plus, I relaxed a bit and played slightly inaccurately.} ({
Much better was} 23. g4 $1 {and after} f4 {(taking on g4 looks even worse)} 24.
h4 $1 gxh4 25. g5 $1 {White is almost winning.}) 23... gxh4 24. Qf4 Rae8 25.
Rh1 Re5 $6 {Not for the first time in this game, Daniel is looking for active
counterplay. It is usually good, but we see that every time Black looks for
active moves here, he weakens his position.} ({A better try was the passive} 
25... Bg6 {and after} 26. Rxh4 {Black would be worse, but still there would be
a lot of work for White, e.g.} d5 $5 27. Rdh1 Rf7 $16) 26. Rxh4 Rc5 27. Qd4 Bg6
28. Qxf6 $2 {An irrational decision. Black wasn't able to take on d4, so there
was no reason to force the exchange of queens, as it is the black king which
is weaker.} ({It would have been better to follow my first intention:} 28. Rf4
$1 {(with the threat of g4)} Qe5 $8 {and now White can try the interesting} 29.
Rd2 $5 {and it's hard for Black to find any decent option. It seems that after
most moves he loses material:} Rc6 30. Re2 Qxd4 31. cxd4 d5 32. Re5 Rd6 33.
Bxf5 {and White should win.}) 28... Rxf6 29. f4 {That was my point when I took
on f6. The problem is, that I thought I should win the rook from c5 easily,
and I was wrong.} Rc6 30. Bb5 Rb6 31. Ka3 {A calm move, taking the b4-square
under control. There were some tempting options, but neither of them seemed
satisfactory to me.} (31. b4 axb4 32. c4 d5 $5 (32... c6 {is worse:} 33. c5
dxc5 34. Bc4+ Bf7 35. a5 Ra6 36. Bxa6 bxa6 {and the computer shows that after}
37. Rd8+ Kg7 38. Ra8 Bc4 39. Rh3 {and White is better, but during the game I
wasn't sure about it}) 33. cxd5 Bf7 {and since the rook on b6 is no longer
trapped, White lost a big part of his advantage.}) (31. c4 $5 {was a real
alternative and after} c6 (31... c5 {looks very suspicious...}) 32. c5 $1 dxc5
33. Bc4+ Bf7 34. Rd8+ Kg7 35. Rd7 Kg8 ({White is winning immediately in the
event of} 35... Kg6 36. Rh3 $1 Bxc4 37. Rdxh7) 36. Rxf7 Rxf7 37. Rh5 Rb4 38.
Bxf7+ Kxf7 39. Rxf5+ Ke6 40. Re5+ Kd6 41. g3 {and White should be about to win,
but as it is a rook endgame, you can never be sure - especially when Black's
king is more active.}) 31... Bf7 ({White is also better after} 31... c6 32. Bd3
Kg7 33. Re1 (33. b4 axb4+ 34. cxb4 c5 35. c3) 33... Rf7 34. Rh3) 32. Rdh1 Bg6 (
{Black could have thought about} 32... h5 33. Be2 d5 34. Bxh5 {, but I think
it wouldn't help them.}) 33. Bc4+ d5 $2 {Being in serious time trouble Daniel
blunders.} ({Both after} 33... Kg7 34. Re1 $16) ({and after} 33... Kf8 34. R4h3
$5 (34. b4 Rc6 35. Kb3 $16) 34... c6 $2 35. b4 axb4+ 36. cxb4 $18 {it would be
hardly possible to save it, but in the game White's task was simple.}) 34.
Bxd5+ Bf7 35. Bf3 h6 36. Re1 ({Also possible was} 36. Rd1) 36... Rfd6 37. Re5
$1 {At the very first I was surprised and thought that my opponent was about
to get real counterplay, but I had enough time to calm myself down and to
calculate a few simple variations.} Rd2 38. Rxf5 Rxc2 39. Rg4+ {The point of
37.Re5. Black is losing material - at least another pawn - and so the game.}
Rg6 ({After} 39... Bg6 40. Rb5 {White was winning a piece, as well as after
any king's retreat.}) 40. Rxg6+ Bxg6 41. Rxa5 {Two pawns up and the better
position of the king make the rest easy.} b6 42. Ra8+ Kf7 43. Kb4 Ke7 44. c4
Rb2 45. a5 bxa5+ 46. Rxa5 Rb1 47. f5 $1 {Of course, all roads lead to Rome,
but it's alway easy to play for a mate in the endgame.} Bf7 48. Ra6 $1 h5 49.
f6+ {...and Black resigned.} 1-0